Red hat Linux security and optimization

Αποθηκεύτηκε σε:
Λεπτομέρειες βιβλιογραφικής εγγραφής
Κύριος συγγραφέας: Mohammed J. Kabir
Μορφή: Βιβλίο
Γλώσσα:Undetermined
Έκδοση: New York Hungry Minds 2002
Θέματα:
Ετικέτες: Προσθήκη ετικέτας
Δεν υπάρχουν, Καταχωρήστε ετικέτα πρώτοι!
Thư viện lưu trữ: Trung tâm Học liệu Trường Đại học Cần Thơ
LEADER 00556nam a2200181Ia 4500
001 CTU_56384
008 210402s9999 xx 000 0 und d
082 |a 005.8 
082 |b K11 
100 |a Mohammed J. Kabir 
245 0 |a Red hat Linux security and optimization 
245 0 |c Mohammed J. Kabir 
260 |a New York 
260 |b Hungry Minds 
260 |c 2002 
650 |a firewall,web sites,client/server programming,computer networks 
650 |x security measures,security measures 
980 |a Trung tâm Học liệu Trường Đại học Cần Thơ